[Event "BRA-ch U18 Girls"]
[Site "Aracaju"]
[Date "2024.05.22"]
[Round "2"]
[White "Da Silva, Leiticia Maciel"]
[Black "Ferraz, Geovana Soares Kaff"]
[Result "1-0"]
[WhiteElo "1775"]
[BlackElo "1800"]
[PlyCount "35"]
[EventDate "2024.05.22"]
[EventType "swiss"]
[EventRounds "6"]
[EventCountry "BRA"]
[SourceTitle "CBM 220 Extra"]
[Source "ChessBase"]
[SourceDate "2024.07.31"]
[SourceVersion "1"]
[SourceVersionDate "2024.07.31"]
[SourceQuality "1"]

1. d4 d5 2. Nf3 Nf6 3. Bf4 e6 4. Nc3 Bb4 5. e3 0-0 6. a3 Bxc3+ 7. bxc3 Nc6 8. Bd3 Re8 9. Ne5 Bd7 10. 0-0 Nxe5 11. Bxe5 c6 12. Re1 Rc8 13. Qf3 c5 14. Qh3 g6 15. Qh6 Kh8 16. h4 Rg8 17. g4 Rc7 18. g5 1-0